[Event "Sparkassen-Open A"]
[Site "Heusenstamm, Martinsee"]
[Date "2023.11.25"]
[Time "09:30:00"]
[Round "4.4"]
[PlyCount "79"]
[White "Hinrichs, Paul"]
[Black "Golubka, Petro"]
[Result "1/2-1/2"]
[WhiteElo "2223"]
[BlackElo "2419"]
[WhiteTeam "Sfr.Heidesheim"]
[BlackTeam "Krakau"]

1. d4 Nf6 2. g3 d5 3. Nf3 e6 4. Bg2 Be7 5. c4 O-O 6. O-O c6 7. Nc3 b6 8. Ne5 Ba6
9. e4 dxc4 10. d5 Nfd7 11. Nxf7 Rxf7 12. dxe6 Rf6 13. exd7 Nxd7 14. Be3 Ne5 15.
f4 Qd3 16. Qxd3 Nxd3 17. e5 Re6 18. Nd5 Bd8 19. Bd4 b5 20. b3 Ba5 21. bxc4 bxc4
22. Rab1 Rd8 23. Bc3 Bxc3 24. Nxc3 g5 25. Rf3 Rf8 26. Rbf1 gxf4 27. gxf4 Kf7 28.
Rg3 Ke8 29. f5 Rxe5 30. Bxc6+ Ke7 31. Rg7+ Rf7 32. f6+ Kf8 33. Rg4 Bb7 34. Bxb7
Rxb7 35. Rxc4 Rg5+ 36. Kh1 Rb2 37. Nd1 Rb7 38. Rd4 Nc5 39. Ne3 Rd7 40. Rxd7
1/2-1/2

[Event "Sparkassen-Open A"]
[Site "Heusenstamm, Martinsee"]
[Date "2023.11.25"]
[Time "09:30:00"]
[Round "4.5"]
[PlyCount "74"]
[White "Lenz, Joshua"]
[Black "Krause, Benedict"]
[Result "0-1"]
[WhiteElo "1806"]
[BlackElo "2394"]
[WhiteTeam "SV Turm Lahnstein"]
[BlackTeam "FC ST.Pauli 1910 eV SAbt"]

1. e4 c5 2. d4 cxd4 3. c3 dxc3 4. Nxc3 e6 5. Nf3 Nc6 6. Bc4 Bb4 7. Bd2 Nge7 8.
O-O O-O 9. a3 Bxc3 10. Bxc3 d5 11. exd5 exd5 12. Bd3 Bf5 13. Be2 Be4 14. Qa4 a6
15. Rad1 b5 16. Qb3 Qb6 17. Rfe1 Rad8 18. Nd4 Rfe8 19. Bf1 h6 20. Rd2 Nxd4 21.
Bxd4 Qc6 22. f3 Bf5 23. g4 Be6 24. Rc2 Qd7 25. Qd3 Rc8 26. Bc5 Nc6 27. h3 d4 28.
f4 Bc4 29. Qg3 Rxe1 30. Qxe1 Re8 31. Qf2 Qd5 32. b4 Bxf1 33. Qxf1 Re3 34. Kh2
Qe4 35. Qf2 Rf3 36. Qd2 Rxa3 37. Bd6 Re3 0-1

[Event "Sparkassen-Open A"]
[Site "Heusenstamm, Martinsee"]
[Date "2023.11.25"]
[Time "09:30:00"]
[Round "4.6"]
[PlyCount "88"]
[White "Nothnagel, Marian Can"]
[Black "Foerster-Yialamas, Lucas"]
[Result "1/2-1/2"]
[WhiteElo "2394"]
[BlackElo "2175"]
[WhiteTeam "Schachforum Darmstadt 1994"]
[BlackTeam "Sabt Frankfurter TV 1860"]

1. e4 c5 2. Nf3 d6 3. Bb5+ Bd7 4. Bxd7+ Qxd7 5. O-O Nf6 6. Re1 Nc6 7. a3 b5 8.
Nc3 Ne5 9. a4 b4 10. Nd5 Nxd5 11. exd5 Qg4 12. Re3 g6 13. Qe2 Nxf3+ 14. Rxf3 Bg7
15. Qb5+ Qd7 16. c4 Qxb5 17. axb5 a6 18. Kf1 O-O 19. bxa6 Ra7 20. Ke1 Rfa8 21.
Kd1 Rxa6 22. Rxa6 Rxa6 23. Kc2 Ra1 24. b3 Bd4 25. g4 f6 26. Rf4 Kf7 27. h4 h6
28. f3 h5 29. Re4 f5 30. gxf5 gxf5 31. Re2 Bf6 32. Rg2 Ra8 33. Kd1 Rg8 34. Rxg8
Kxg8 35. f4 Bxh4 36. Ke2 Bf6 37. Kf3 Kf7 38. d3 Kg6 39. Kg3 Bc3 40. Be3 Bf6 41.
Kh3 Bc3 42. Bf2 Bd2 43. Bg3 h4 44. Kxh4 Be3 1/2-1/2

[Event "Sparkassen-Open A"]
[Site "Heusenstamm, Martinsee"]
[Date "2023.11.25"]
[Time "09:30:00"]
[Round "4.7"]
[PlyCount "129"]
[White "Tschernatsch, Johannes"]
[Black "Baranyai-Molnar, Adam-Kristof"]
[Result "1-0"]
[WhiteElo "2312"]
[BlackElo "1948"]
[WhiteTeam "SC Empor Potsdam 1952 e.V."]
[BlackTeam "SF Neuberg"]

1. e4 c5 2. Nf3 e6 3. g3 d5 4. exd5 exd5 5. Bg2 Qe7+ 6. Qe2 Nc6 7. Qxe7+ Bxe7 8.
O-O Be6 9. Nc3 Nf6 10. d4 Nb4 11. Ne1 cxd4 12. Nb5 Rc8 13. Nxd4 Bc5 14. Be3 Bxd4
15. Bxd4 Nxc2 16. Nxc2 Rxc2 17. Bxa7 Rxb2 18. Rfb1 Rxb1+ 19. Rxb1 Kd7 20. Rxb7+
Kc6 21. Rb6+ Kc7 22. Rb2 Ra8 23. Bd4 Ra4 24. Be5+ Kc6 25. Bf1 Ra3 26. Rc2+ Kb7
27. Bd6 Ra8 28. Bb5 Rc8 29. Rb2 Rc1+ 30. Kg2 Ne4 31. Bf4 Ra1 32. Be5 Ng5 33.
Be2+ Ka8 34. h4 Ne4 35. Bxg7 Rc1 36. Ba6 Ka7 37. Bb5 Kb6 38. Bd4+ Ka5 39. Bd3
Ka4 40. Rb7 Rc8 41. h5 h6 42. Be3 Nf6 43. Bd2 Ka3 44. Ra7+ Kb2 45. Bxh6 Nxh5 46.
Be2 Rh8 47. Be3 Kc3 48. Ra4 f6 49. Rh4 Bf7 50. Kf1 Nxg3+ 51. fxg3 Rxh4 52. gxh4
d4 53. Bh6 Bxa2 54. Ke1 d3 55. Bh5 Kd4 56. Bg6 Be6 57. Kf2 Bg4 58. Be3+ Ke5 59.
Bxd3 Bh5 60. Kg3 f5 61. Bf4+ Kf6 62. Bc7 Bd1 63. Kf4 Bg4 64. Bd8+ Kg6 65. Bb5
1-0

[Event "Sparkassen-Open A"]
[Site "Heusenstamm, Martinsee"]
[Date "2023.11.25"]
[Time "09:30:00"]
[Round "4.8"]
[PlyCount "82"]
[White "Milov, Leonid"]
[Black "Steadman, Michael V R"]
[Result "1/2-1/2"]
[WhiteElo "2422"]
[BlackElo "2127"]
[WhiteTeam "SC Noris-Tarrasch Nürnberg 1873"]
[BlackTeam "Auckland Chess Centre"]

1. e4 e6 2. d4 d5 3. Nd2 Nf6 4. e5 Nfd7 5. c3 c5 6. Bd3 Nc6 7. Ne2 cxd4 8. cxd4
f6 9. exf6 Qxf6 10. Nf3 h6 11. O-O Bd6 12. Ng3 O-O 13. Bc2 Rd8 14. Re1 Nf8 15.
Ne5 Qh4 16. f4 Bd7 17. Be3 Rac8 18. a3 Na5 19. b3 Rc7 20. Bd3 Rdc8 21. f5 Nc6
22. fxe6 Bxe6 23. Nf5 Bxf5 24. Bxf5 Re8 25. g3 Qf6 26. Rf1 Qe7 27. Re1 Nxe5 28.
dxe5 Qxe5 29. Bf2 Qxf5 30. Rxe8 b6 31. Bd4 h5 32. Ra2 h4 33. Rf2 Qg6 34. Re3
hxg3 35. hxg3 Ne6 36. b4 Rc4 37. Bb2 d4 38. Qd3 Qxd3 39. Rxd3 Ng5 40. Rxd4 Rxd4
41. Bxd4 Nh3+ 1/2-1/2

[Event "Sparkassen-Open A"]
[Site "Heusenstamm, Martinsee"]
[Date "2023.11.25"]
[Time "09:30:00"]
[Round "4.9"]
[PlyCount "48"]
[White "Seidel, Andre"]
[Black "Krause, Jonah"]
[Result "0-1"]
[WhiteElo "2181"]
[BlackElo "2366"]
[WhiteTeam "SV Oberursel"]
[BlackTeam "FC ST.Pauli 1910 eV SAbt"]

1. e4 c5 2. c3 d5 3. exd5 Qxd5 4. Nf3 Nf6 5. Na3 a6 6. Bc4 Qd8 7. d4 e6 8. Nc2
Qc7 9. Be2 Nbd7 10. O-O b6 11. h3 Bb7 12. Re1 Bd6 13. dxc5 Nxc5 14. Be3 O-O 15.
Nfd4 Rfd8 16. Qc1 Rac8 17. Bg5 Nce4 18. Bxf6 gxf6 19. Bf3 Bf4 20. Ne3 Kh8 21.
Qc2 f5 22. Nexf5 exf5 23. Nxf5 Rd2 24. Qa4 Bh2+ 0-1

[Event "Sparkassen-Open A"]
[Site "Heusenstamm, Martinsee"]
[Date "2023.11.25"]
[Time "09:30:00"]
[Round "4.10"]
[PlyCount "20"]
[White "Henrich, Thomas"]
[Black "Browning, Alex"]
[Result "0-1"]
[WhiteElo "2132"]
[BlackElo "2340"]
[WhiteTeam "SK Marburg 1931/72"]
[BlackTeam "Märkischer Springer Halver-Schal"]

1. d4 Nf6 2. c4 g6 3. g3 Bg7 4. Bg2 O-O 5. Nf3 c5 6. dxc5 Qa5+ 7. Nbd2 Qxc5 8.
a3 a5 9. b4 Qa7 10. Bb2 Ng4 0-1

[Event "Sparkassen-Open A"]
[Site "Heusenstamm, Martinsee"]
[Date "2023.11.25"]
[Time "09:30:00"]
[Round "4.11"]
[PlyCount "102"]
[White "Hilzinger, Markus"]
[Black "Glöckler, Christian"]
[Result "0-1"]
[WhiteElo "2132"]
[BlackElo "2332"]
[WhiteTeam "SC Pforzheim 1906"]
[BlackTeam "Wiesbadener SV 1885"]

1. c4 e6 2. d4 Nf6 3. Nf3 d5 4. g3 Bb4+ 5. Nc3 dxc4 6. Bg2 O-O 7. O-O Nc6 8. Re1
Rb8 9. e4 b5 10. Bg5 Be7 11. e5 Nd5 12. Qd2 Nxc3 13. bxc3 Bb7 14. Re4 Bxg5 15.
Nxg5 Ne7 16. Rg4 Bxg2 17. Kxg2 Qd5+ 18. f3 f6 19. exf6 Rxf6 20. Re1 Ng6 21. h4
b4 22. cxb4 c5 23. h5 Nf8 24. Re5 c3 25. Qc2 Rxb4 26. Rxd5 Rb2 27. Rxc5 Rxc2+
28. Kh3 h6 29. Ne4 Rf5 30. Rxc3 Rxc3 31. Nxc3 Rxf3 32. Nb5 Rf5 33. Nxa7 Rxh5+
34. Rh4 Ra5 35. Nc6 Rxa2 36. Rf4 g5 37. Re4 Kf7 38. Re3 h5 39. g4 h4 40. Rf3+
Ke8 41. Ne5 Ra5 42. Re3 Rd5 43. Nf3 Ke7 44. Ra3 Ng6 45. Re3 Kf6 46. Kh2 Ra5 47.
Re4 Ra2+ 48. Kg1 Nf4 49. Kh1 Ne2 50. Re5 Ng3+ 51. Kg1 h3 0-1

[Event "Sparkassen-Open A"]
[Site "Heusenstamm, Martinsee"]
[Date "2023.11.25"]
[Time "09:30:00"]
[Round "4.12"]
[PlyCount "48"]
[White "Dolzhykova, Kateryna"]
[Black "Reschke, Thomas"]
[Result "1/2-1/2"]
[WhiteElo "2323"]
[BlackElo "2108"]
[WhiteTeam "SV Oberursel"]
[BlackTeam "SC Frankfurt-West"]

1. e4 g6 2. d4 Bg7 3. Nc3 c6 4. h4 h5 5. Be3 d5 6. e5 Nh6 7. Qd2 Nf5 8. Bf4 Bh6
9. Bxh6 Nxh6 10. O-O-O b5 11. Nh3 Bxh3 12. Rxh3 e6 13. Bd3 Nd7 14. Ne2 Nb6 15.
b3 Qe7 16. Kb2 a5 17. Qc3 Kd7 18. Qc5 Qxc5 19. dxc5 Nc8 20. c4 bxc4 21. bxc4 Ne7
22. cxd5 Nxd5 23. Be4 Rhb8+ 24. Rb3 Ng4 1/2-1/2

[Event "Sparkassen-Open A"]
[Site "Heusenstamm, Martinsee"]
[Date "2023.11.25"]
[Time "09:30:00"]
[Round "4.13"]
[PlyCount "38"]
[White "Schmidt, Markus"]
[Black "Eilers, Stefan"]
[Result "1/2-1/2"]
[WhiteElo "2116"]
[BlackElo "2300"]
[WhiteTeam "SK Niederbrechen 1948"]
[BlackTeam "SAbt SG 1945 Dietzenbach"]

1. e4 Nc6 2. d4 d5 3. exd5 Qxd5 4. Be3 e5 5. Nc3 Bb4 6. a3 Bxc3+ 7. bxc3 Nf6 8.
Nf3 Qa5 9. dxe5 Nd5 10. Qd2 Bg4 11. Nd4 Nxe5 12. c4 Qxd2+ 13. Bxd2 Nf6 14. f3
O-O-O 15. Bc3 Rhe8 16. O-O-O Bd7 17. Be2 Ng6 18. Rhe1 a6 19. Bf1 Rxe1 1/2-1/2

[Event "Sparkassen-Open A"]
[Site "Heusenstamm, Martinsee"]
[Date "2023.11.25"]
[Time "09:30:00"]
[Round "4.14"]
[PlyCount "86"]
[White "Chassard, Cedric"]
[Black "Lutze, Max"]
[Result "0-1"]
[WhiteElo "2297"]
[BlackElo "2076"]
[WhiteTeam "SC Caissa Schwarzenbach"]
[BlackTeam "Märkischer Springer Halver-Schal"]

1. e4 c5 2. Nf3 Nc6 3. Bb5 g6 4. Bxc6 dxc6 5. d3 Bg7 6. h3 e5 7. O-O Qc7 8. a3
Ne7 9. Be3 b6 10. b4 cxb4 11. axb4 O-O 12. c4 h6 13. Nc3 Bd7 14. Qb3 Kh7 15. Nd2
f5 16. exf5 gxf5 17. f3 Rg8 18. Rae1 Ng6 19. Ne2 Rae8 20. Kh1 Bf6 21. Bg1 Rg7
22. Bh2 Bg5 23. Qc3 Nh4 24. g3 Ng6 25. d4 exd4 26. Nxd4 c5 27. Nxf5 Bxf5 28.
Rxe8 Qd7 29. Re2 Bd3 30. Rfe1 Bxe2 31. Rxe2 cxb4 32. Qxb4 Qd3 33. Rf2 Be3 34.
Rg2 Rd7 35. Ne4 Qf1+ 36. Bg1 Bxg1 37. Qa4 Bd4+ 38. Kh2 Ne5 39. Nd2 Bg1+ 40. Kh1
Rxd2 41. Qxa7+ Kg6 42. Qxb6+ Bxb6+ 43. Kh2 Rxg2# 0-1

[Event "Sparkassen-Open A"]
[Site "Heusenstamm, Martinsee"]
[Date "2023.11.25"]
[Time "09:30:00"]
[Round "4.15"]
[PlyCount "59"]
[White "Perske, Paul"]
[Black "Neukirchner, Pascal"]
[Result "1-0"]
[WhiteElo "2068"]
[BlackElo "2286"]
[WhiteTeam "Sfr.Heidesheim"]
[BlackTeam "SK Gründau"]

1. e4 c5 2. Nf3 g6 3. d4 cxd4 4. Nxd4 Nc6 5. Nc3 Bg7 6. Be3 Nf6 7. Bc4 O-O 8.
Bb3 Re8 9. f3 d5 10. Nxc6 bxc6 11. exd5 cxd5 12. Nxd5 Nxd5 13. Qxd5 Qxd5 14.
Bxd5 Rb8 15. Bxa7 Rxb2 16. O-O Ba6 17. Rfd1 Rc8 18. Bb3 Be2 19. Rd2 Bc4 20. Bxc4
Rxc4 21. Rd8+ Bf8 22. Be3 h6 23. Bc1 Rbxc2 24. Bxh6 Kh7 25. Bxf8 Re2 26. Kh1
Rxa2 27. Rdd1 Re2 28. Re1 Rcc2 29. Rxe2 Rxe2 30. Kg1 1-0

[Event "Sparkassen-Open A"]
[Site "Heusenstamm, Martinsee"]
[Date "2023.11.25"]
[Time "09:30:00"]
[Round "4.16"]
[PlyCount "29"]
[White "Rempe, Jonas"]
[Black "Minor, Samuel"]
[Result "1/2-1/2"]
[WhiteElo "2106"]
[BlackElo "2242"]
[WhiteTeam "SK Doppelbauer Kiel von 1910 e.V"]
[BlackTeam "Wiesbadener SV 1885"]

1. e4 c5 2. Nf3 d6 3. d4 cxd4 4. Nxd4 Nf6 5. Nc3 a6 6. Bd3 e5 7. Nf3 Be7 8. Bc4
Be6 9. Qe2 Nbd7 10. Bxe6 fxe6 11. Ng5 Nf8 12. Be3 h6 13. Nh3 Qa5 14. O-O Rc8 15.
f4 1/2-1/2

[Event "Sparkassen-Open A"]
[Site "Heusenstamm, Martinsee"]
[Date "2023.11.25"]
[Round "4.17"]
[White "Burkart, Lloyd Shang"]
[Black "Wolf, Dr. Ulrich Martin"]
[Result "1/2-1/2"]
[WhiteElo "2094"]
[BlackElo "2203"]
[PlyCount "29"]
[EventDate "2023.??.??"]
[WhiteTeam "SV 1920 Hofheim"]
[BlackTeam "SK Bad Homburg 1927"]

1. d4 f5 2. Bg5 g6 3. Nd2 Bg7 4. e4 fxe4 5. Nxe4 d5 6. Ng3 c5 7. Nf3 Nc6 8. dxc5 Bxb2 9. Rb1 Bc3+ 10. Bd2 Bg7 11. c4 d4 12. Bd3 Qc7 13. Qc2 Nf6 14. O-O O-O 15. Rfe1 1/2-1/2

[Event "Sparkassen-Open A"]
[Site "Heusenstamm, Martinsee"]
[Date "2023.11.25"]
[Round "4.18"]
[White "Smith, Bryan"]
[Black "Mayer, Frank"]
[Result "1-0"]
[WhiteElo "2396"]
[BlackElo "2006"]
[PlyCount "69"]
[EventDate "2023.??.??"]
[WhiteTeam "Budapest"]
[BlackTeam "Wiesbadener SV 1885"]

1. e4 e6 2. d4 d5 3. Nd2 Nf6 4. e5 Nfd7 5. Bd3 c5 6. c3 Nc6 7. Ngf3 cxd4 8. cxd4 f6 9. exf6 Nxf6 10. O-O Bd6 11. b3 O-O 12. Bb2 Bd7 13. Ne5 Be8 14. Rc1 Bxe5 15. dxe5 Bh5 16. Qe1 Nd7 17. Qe3 Qh4 18. f4 Bg4 19. Ba3 Rf7 20. Nf3 Bxf3 21. Rxf3 g5 22. Rcf1 gxf4 23. Rxf4 Rxf4 24. Rxf4 Qh5 25. Qg3+ Kh8 26. Bxh7 Qd1+ 27. Rf1 Qd4+ 28. Kh1 Ndxe5 29. Bb1 Qg4 30. Qe3 Qh5 31. Qf4 Kg8 32. h3 Re8 33. Qg3+ Kh8 34. Bf8 Rxf8 35. Rxf8# 1-0

[Event "Sparkassen-Open A"]
[Site "Heusenstamm, Martinsee"]
[Date "2023.11.25"]
[Round "4.19"]
[White "Hahn, Markus"]
[Black "Steinle, Carsten"]
[Result "1-0"]
[WhiteElo "2332"]
[BlackElo "1969"]
[PlyCount "111"]
[EventDate "2023.??.??"]
[WhiteTeam "SVG CAISSA Kassel"]
[BlackTeam "SV Ahlen 1954 e. V."]

1. d4 Nf6 2. c4 b6 3. Nc3 Bb7 4. f3 d5 5. cxd5 Nxd5 6. e4 Nxc3 7. bxc3 e6 8. Be3 Be7 9. Bb5+ Nd7 10. Ne2 O-O 11. O-O c5 12. a4 cxd4 13. cxd4 Nf6 14. Ra2 Rc8 15. Qd3 Ne8 16. Qb3 Nc7 17. Bd3 Na6 18. Rd2 Nb4 19. Bc4 Qc7 20. Rc1 Qd7 21. Qd1 Rfd8 22. g4 Bc6 23. Bb3 Bb7 24. Bc4 Rc7 25. Bb3 Rdc8 26. Rxc7 Qxc7 27. Kg2 Bd6 28. h4 Rd8 29. g5 Ba6 30. h5 Bc4 31. Qb1 Bxb3 32. Qxb3 g6 33. Rd1 Rc8 34. Rc1 Nc2 35. Bd2 Qc4 36. Qxc4 Rxc4 37. Bc3 Na3 38. Bb2 Rxc1 39. Bxc1 Nc4 40. h6 Bb4 41. d5 exd5 42. exd5 Bc5 43. Nc3 Kf8 44. Kf1 Bd4 45. Ne4 Ke7 46. Ke2 Nb2 47. Nf6 Nxa4 48. Nxh7 Bh8 49. Ba3+ Nc5 50. Bxc5+ bxc5 51. Kd3 a5 52. Kc4 a4 53. Nf6 Kd6 54. f4 Kc7 55. h7 Kb6 56. Nd7+ 1-0

[Event "Sparkassen-Open A"]
[Site "Heusenstamm, Martinsee"]
[Date "2023.11.25"]
[Round "4.20"]
[White "Marcziter, Dmitrii"]
[Black "Weiss, Matthias"]
[Result "1/2-1/2"]
[WhiteElo "2224"]
[BlackElo "1983"]
[PlyCount "114"]
[EventDate "2023.??.??"]
[WhiteTeam "SG Porz e. V."]
[BlackTeam "SF Schöneck"]

1. d4 Nf6 2. c4 g6 3. Nf3 Bg7 4. g3 O-O 5. Bg2 d5 6. cxd5 Nxd5 7. O-O Nc6 8. e3 Nb6 9. Nc3 Re8 10. d5 Na5 11. Nd4 e5 12. dxe6 Bxe6 13. Nxe6 Rxe6 14. Qc2 Nc6 15. Ne4 Nd7 16. Rd1 Qe7 17. Bd2 Re8 18. Bc3 Nc5 19. Nd2 Bxc3 20. Qxc3 Na4 21. Qc2 Nb6 22. Rac1 Rd8 23. Nb3 Rxd1+ 24. Qxd1 Rd6 25. Qf3 Nd8 26. Nc5 c6 27. Ne4 Re6 28. h4 Nd5 29. a3 Nf6 30. Nc5 Rd6 31. b4 Rd2 32. Rd1 Rxd1+ 33. Qxd1 Ne6 34. Nb3 Qd7 35. Qxd7 Nxd7 36. Na5 b6 37. Nxc6 a6 38. a4 a5 39. bxa5 bxa5 40. Nxa5 Nb6 41. Bc6 Nc5 42. Kf1 Ncxa4 43. Ke2 Nc5 44. e4 f6 45. Ke3 Kg7 46. Bb5 h6 47. Nc6 Ne6 48. Nb4 Nc7 49. Be2 Ne6 50. Bg4 Kf7 51. Nc6 Nc5 52. h5 g5 53. Bf5 Ne6 54. Bg6+ Kf8 55. Bf5 Kf7 56. Kd3 Nc5+ 57. Ke3 Ne6 1/2-1/2

[Event "Sparkassen-Open A"]
[Site "Heusenstamm, Martinsee"]
[Date "2023.11.25"]
[Round "4.21"]
[White "Wenzel, Calvin"]
[Black "Euler, Gerd"]
[Result "1-0"]
[WhiteElo "1993"]
[BlackElo "2236"]
[PlyCount "99"]
[EventDate "2023.??.??"]
[WhiteTeam "SK 1980 Gernsheim"]
[BlackTeam "SSG Hungen-Lich"]

1. e4 c5 2. Nf3 Nc6 3. d4 cxd4 4. Nxd4 e6 5. Nc3 Qc7 6. Be3 a6 7. Qf3 Nf6 8. Qg3 Qxg3 9. hxg3 Bb4 10. f3 d5 11. O-O-O Ne7 12. e5 Nd7 13. f4 Nf8 14. Na4 Nd7 15. a3 Ba5 16. Nb3 Bc7 17. Bd3 b5 18. Nac5 Nf8 19. Rde1 f6 20. Bd4 Kf7 21. g4 Nc6 22. g5 Nxd4 23. Nxd4 Bb6 24. b4 Bxc5 25. bxc5 Ra7 26. Rh3 Rc7 27. c6 f5 28. Be2 Kg8 29. Bh5 g6 30. Be2 h6 31. Reh1 h5 32. Kb2 Rhh7 33. Kb3 Kf7 34. Kb4 Ke7 35. Ra1 Kd8 36. a4 bxa4 37. Rxa4 Ra7 38. Ka5 Rhc7 39. Rb4 Ra8 40. Rb6 Rca7 41. Nb3 Rh7 42. Nc5 Rha7 43. Rd3 Kc7 44. Rdb3 Kd8 45. Rb8 Rxb8 46. Rxb8 Kc7 47. Rb6 h4 48. Bxa6 Ra8 49. Kb5 d4 50. Bxc8 1-0

[Event "Sparkassen-Open A"]
[Site "Heusenstamm, Martinsee"]
[Date "2023.11.25"]
[Round "4.22"]
[White "Lesny, Florian"]
[Black "Thomas, Tobias"]
[Result "1-0"]
[WhiteElo "2216"]
[BlackElo "1923"]
[PlyCount "37"]
[EventDate "2023.??.??"]
[WhiteTeam "SK Bad Homburg 1927"]
[BlackTeam "SK Langen"]

1. e4 c5 2. Nf3 e6 3. d4 cxd4 4. Nxd4 a6 5. Bd3 Bc5 6. Nb3 Ba7 7. O-O Nc6 8. Qe2 Nge7 9. c4 O-O 10. Nc3 e5 11. Nd5 d6 12. Be3 Nxd5 13. exd5 Ne7 14. Bxa7 Rxa7 15. f4 exf4 16. Rxf4 b5 17. Nd4 Re8 18. Bxh7+ Kf8 19. Qf2 1-0

[Event "Sparkassen-Open A"]
[Site "Heusenstamm, Martinsee"]
[Date "2023.11.25"]
[Round "4.23"]
[White "Mährlein, Christoph"]
[Black "Hebbering, Tom Elliot"]
[Result "1-0"]
[WhiteElo "1986"]
[BlackElo "2232"]
[PlyCount "39"]
[EventDate "2023.??.??"]
[WhiteTeam "SC Pforzheim 1906"]
[BlackTeam "SK 1980 Gernsheim"]

1. Nf3 d5 2. c4 c6 3. g3 g6 4. b3 Bg7 5. d4 dxc4 6. bxc4 c5 7. Bb2 Nc6 8. e3 Bg4 9. Be2 Qb6 10. Qb3 Rd8 11. Qxb6 axb6 12. Na3 cxd4 13. O-O-O Bxf3 14. Bxf3 e5 15. exd4 exd4 16. Nb5 Nge7 17. Nc7+ Kf8 18. Nd5 Nxd5 19. cxd5 Nb4 20. Ba3 1-0

[Event "Sparkassen-Open A"]
[Site "Heusenstamm, Martinsee"]
[Date "2023.11.25"]
[Round "4.24"]
[White "Kersten, Uwe"]
[Black "Meuer, David"]
[Result "1/2-1/2"]
[WhiteElo "2227"]
[BlackElo "1988"]
[PlyCount "92"]
[EventDate "2023.??.??"]
[WhiteTeam "Kasseler SK 1876"]
[BlackTeam "SV Turm Lahnstein"]

1. d4 e6 2. Nf3 Nf6 3. Bf4 c5 4. e3 d5 5. Nbd2 Nc6 6. c3 Bd6 7. Bg3 O-O 8. Bd3 b6 9. e4 Be7 10. e5 Nh5 11. Ng5 Bxg5 12. Qxh5 g6 13. Qe2 cxd4 14. Nf3 Bh6 15. Nxd4 Nxd4 16. cxd4 Qe7 17. a3 Bd7 18. h4 Rac8 19. f4 f5 20. Ba6 Rc7 21. Kd2 b5 22. Rhc1 Rc4 23. Ke3 Qd8 24. a4 Qb6 25. Rxc4 bxc4 26. Bb5 Bc8 27. b3 a6 28. bxc4 axb5 29. cxb5 Bd7 30. Rc1 Ra8 31. Qd1 Bf8 32. Be1 Qa7 33. Qb3 Qxa4 34. Qxa4 Rxa4 35. b6 Ra3+ 36. Kf2 Ra2+ 37. Kg3 Ra3+ 38. Kf2 Rb3 39. Rc7 Rb2+ 40. Kg3 Rb3+ 41. Kh2 Bb5 42. Ba5 Bc4 43. Ra7 Bb5 44. Rc7 Rb1 45. Rc1 Rb3 46. Rc3 Rb1 1/2-1/2

[Event "Sparkassen-Open A"]
[Site "Heusenstamm, Martinsee"]
[Date "2023.11.25"]
[Round "4.25"]
[White "Prill, Daniel"]
[Black "Wortmann, Klaus-Peter"]
[Result "1/2-1/2"]
[WhiteElo "2182"]
[BlackElo "1969"]
[PlyCount "83"]
[EventDate "2023.??.??"]
[WhiteTeam "SC Heitersheim"]
[BlackTeam "Märkischer Springer Halver-Schal"]

1. d4 d5 2. Nf3 Nf6 3. e3 e6 4. Bd3 c5 5. c3 Nbd7 6. Nbd2 Be7 7. O-O O-O 8. e4 dxe4 9. Nxe4 Nxe4 10. Bxe4 Nf6 11. Bc2 b6 12. Qe2 Bb7 13. Bf4 Bd6 14. Bg5 Qc7 15. dxc5 Bxc5 16. Bxf6 gxf6 17. Be4 Rad8 18. Bxb7 Qxb7 19. Rad1 a5 20. Qc4 Kh8 21. Qf4 Be7 22. Rd2 Rxd2 23. Nxd2 Qd5 24. Ne4 f5 25. Ng3 Kg7 26. Re1 Rc8 27. h3 Rc4 28. Nh5+ Kg6 29. Qg3+ Bg5 30. f4 h6 31. fxg5 Kxh5 32. gxh6 Kxh6 33. Qe3+ Kg6 34. Qxb6 Re4 35. Rxe4 Qxe4 36. Qxa5 Qe1+ 37. Kh2 f4 38. Qb5 Qg3+ 39. Kg1 Qe3+ 40. Kf1 Qc1+ 41. Ke2 Qe3+ 42. Kf1 1/2-1/2

[Event "Sparkassen-Open A"]
[Site "Heusenstamm, Martinsee"]
[Date "2023.11.25"]
[Round "4.26"]
[White "Heimrath, Reiner"]
[Black "Calvi, Stefan"]
[Result "1/2-1/2"]
[WhiteElo "2155"]
[BlackElo "1925"]
[PlyCount "162"]
[EventDate "2023.??.??"]
[WhiteTeam "SC Noris-Tarrasch Nürnberg 1873"]
[BlackTeam "SV Oberursel"]

1. e4 c5 2. Nc3 Nc6 3. d3 Rb8 4. g3 g6 5. Bg2 Bg7 6. Nge2 b5 7. a3 e6 8. O-O Nge7 9. Bg5 O-O 10. Qd2 Nd4 11. Nxd4 cxd4 12. Ne2 d6 13. Bh6 Qb6 14. Bxg7 Kxg7 15. c3 dxc3 16. Qxc3+ Kg8 17. h4 f5 18. h5 Bd7 19. hxg6 hxg6 20. Qd2 Kg7 21. Qg5 Qd8 22. Nf4 e5 23. Nh5+ Kh7 24. Nf6+ Kg7 25. Nxd7 Qxd7 26. d4 fxe4 27. Rad1 Qe6 28. dxe5 d5 29. Bxe4 dxe4 30. Rd6 Qf7 31. Rf6 Qe8 32. Re1 Ng8 33. Rxe4 Rb6 34. Re3 Re6 35. Rxf8 Qxf8 36. Qg4 Qf5 37. Qd4 Re7 38. e6+ Qf6 39. Qd6 Qxb2 40. Rf3 Qb1+ 41. Kh2 Qe4 42. Re3 Qf5 43. Kg2 Qf6 44. g4 a5 45. f4 b4 46. axb4 axb4 47. Kg3 Qb2 48. Kf3 b3 49. Qd5 Qf6 50. Qxb3 Qh4 51. Qb2+ Kf8 52. Qb8+ Kg7 53. Qe5+ Kf8 54. Rc3 Qh1+ 55. Kf2 Qh2+ 56. Ke1 Qg1+ 57. Kd2 Qf2+ 58. Kd3 Qf3+ 59. Kd4 Qf2+ 60. Kc4 Qb6 61. f5 Rc7+ 62. Kd3 Qa6+ 63. Ke3 Qa7+ 64. Kf3 Qb7+ 65. Kg3 Rxc3+ 66. Qxc3 gxf5 67. Qc5+ Qe7 68. Qxf5+ Qf6 69. Qd5 Ne7 70. Qe4 Qc3+ 71. Kf4 Qf6+ 72. Ke3 Qc3+ 73. Ke2 Qb2+ 74. Kf3 Qc3+ 75. Qe3 Qxe3+ 76. Kxe3 Kg7 77. g5 Kg6 78. Kf4 Nc6 79. Ke4 Kxg5 80. Kd5 Kf6 81. Kxc6 Kxe6 1/2-1/2

[Event "Sparkassen-Open A"]
[Site "Heusenstamm, Martinsee"]
[Date "2023.11.25"]
[Round "4.27"]
[White "Ngo, Quang Thai"]
[Black "Rutsatz, Mario"]
[Result "1-0"]
[WhiteElo "2080"]
[BlackElo "1922"]
[PlyCount "79"]
[EventDate "2023.??.??"]
[WhiteTeam "Aachener SV 1856 e. V."]
[BlackTeam "SC 1961 König Nied"]

1. c3 c5 2. e4 Nf6 3. e5 Nd5 4. Nf3 Nc6 5. Bc4 e6 6. d4 cxd4 7. cxd4 d6 8. O-O dxe5 9. dxe5 Nb6 10. Qxd8+ Nxd8 11. Bb3 Bd7 12. Nc3 Be7 13. a4 Rc8 14. Be3 Nc4 15. Bxc4 Rxc4 16. Bxa7 Nc6 17. Be3 Nb4 18. Rab1 Nc2 19. Bd2 Bc6 20. Rbc1 Nb4 21. b3 Rg4 22. Kh1 Nd3 23. Rcd1 O-O 24. Bg5 Bxf3 25. gxf3 Rxg5 26. Rxd3 Rxe5 27. Rd7 Bb4 28. Na2 Bc5 29. Rxb7 Re2 30. Nc3 Rxf2 31. Rxf2 Bxf2 32. b4 h5 33. Ne4 Be3 34. a5 f5 35. Nc5 Bxc5 36. bxc5 Ra8 37. c6 Kh7 38. c7 Rc8 39. a6 h4 40. Kg2 1-0

[Event "Sparkassen-Open A"]
[Site "Heusenstamm, Martinsee"]
[Date "2023.11.25"]
[Round "4.28"]
[White "Benninger, Rudolf"]
[Black "Siegert, Gregor"]
[Result "0-1"]
[WhiteElo "1987"]
[BlackElo "2109"]
[PlyCount "74"]
[EventDate "2023.??.??"]
[WhiteTeam "SC Heusenstamm"]
[BlackTeam "Schachforum Darmstadt 1994"]

1. e4 c5 2. c3 d5 3. exd5 Qxd5 4. d4 Nf6 5. Nf3 e6 6. Bd3 Be7 7. O-O O-O 8. Be3 Rd8 9. Qe2 Nc6 10. Rd1 Qh5 11. Nbd2 cxd4 12. Nxd4 Nxd4 13. Qxh5 Nxh5 14. cxd4 Nf6 15. Ne4 b6 16. Nxf6+ gxf6 17. Be4 Rb8 18. Bf4 Bd6 19. Bxd6 Rxd6 20. Rac1 Bb7 21. Bxb7 Rxb7 22. Rc3 Rbd7 23. Rg3+ Kf8 24. Kf1 Rxd4 25. Rxd4 Rxd4 26. Ke2 Re4+ 27. Kd2 Rf4 28. Ke2 Rc4 29. Ra3 Rc7 30. b4 f5 31. Kd2 e5 32. Ke2 f6 33. h4 f4 34. Kd3 Ke7 35. f3 Ke6 36. Kd2 Rg7 37. Kd3 Kd5 0-1

[Event "Sparkassen-Open A"]
[Site "Heusenstamm, Martinsee"]
[Date "2023.11.25"]
[Round "4.29"]
[White "Sydykov, Bayastan"]
[Black "Wachsmann, Elmar"]
[Result "1-0"]
[WhiteElo "2142"]
[BlackElo "1908"]
[PlyCount "36"]
[EventDate "2023.??.??"]
[WhiteTeam "SK 1858 Gießen"]
[BlackTeam "SC Groß-Umstadt"]

1. e4 e5 2. Nf3 Nc6 3. Bb5 a6 4. Ba4 Nf6 5. Qe2 b5 6. Bb3 Bc5 7. O-O O-O 8. d3 h6 9. Be3 Bxe3 10. fxe3 d5 11. exd5 Nxd5 12. Nc3 Be6 13. Ne4 Qe7 14. Qf2 Rad8 15. Rae1 f5 16. Ng3 Nf6 17. Nxf5 Qf7 18. Qg3 Kh7 1-0